|
|
|
|
| LEADER |
00000nam0a2200000 4500 |
| 001 |
67056 |
| 005 |
20231101212309.0 |
| 010 |
|
|
|a 5060047199
|
| 035 |
|
|
|a (RuTPU)RU\TPU\book\71414
|
| 090 |
|
|
|a 67056
|
| 100 |
|
|
|a 20040913d2004 m y0rusy50 ca
|
| 101 |
0 |
|
|a rus
|
| 102 |
|
|
|a RU
|
| 105 |
|
|
|a y j 001zy
|
| 200 |
1 |
|
|a Философия
|e учебник для вузов
|f Е. Е. Ермакова
|
| 210 |
|
|
|a Москва
|c Высшая школа
|d 2004
|
| 215 |
|
|
|a 406 с.
|
| 225 |
1 |
|
|a Учебник для вузов
|
| 320 |
|
|
|a Глоссарий
|
| 606 |
1 |
|
|a Философия
|2 stltpush
|3 (RuTPU)RU\TPU\subj\63880
|9 80812
|
| 610 |
1 |
|
|a онтология
|
| 610 |
1 |
|
|a гносеология
|
| 610 |
1 |
|
|a научное познание
|
| 610 |
1 |
|
|a философская антропология
|
| 610 |
1 |
|
|a социальная философия
|
| 610 |
1 |
|
|a творчество
|
| 610 |
1 |
|
|a наука
|
| 610 |
1 |
|
|a техника
|
| 610 |
1 |
|
|a культура
|
| 610 |
1 |
|
|a учебники
|
| 686 |
|
|
|a Ю0/3я73
|v LBC/SL-A
|2 rubbk
|
| 700 |
|
1 |
|a Ермакова
|b Е. Е.
|g Евгения Евгеньевна
|
| 801 |
|
1 |
|a RU
|b 63413507
|c 20040913
|g PSBO
|
| 801 |
|
2 |
|a RU
|b 63413507
|c 20150818
|g PSBO
|
| 900 |
|
|
|a Философия
|
| 900 |
|
|
|a Методы научного познания
|
| 942 |
|
|
|c BK
|
| 952 |
|
|
|a 550000
|b 030500
|